Science Quiz

Random Science or Astronomy Quiz

NASA's Top Photos Quiz Stats

Quiz Updated Oct 24, 2017

Challenge
Share
Tweet
Score 0/20 Timer 05:00
1 Play Today
% Correct
#9: Jupiter's Great
Red Spot, 1979
96.9%
#50: Shuttle Enterprise with cast of Star Trek, 1976
94.6%
#39: Solar Flare From
Skylab, 1973
94.5%
#38: Viking 2 on Mars, 1976
90.4%
#5: Gemini 4
Spacewalk, 1965
89.9%
#18: Microwave Background, 1992
85.8%
#17: Earth and Moon, 1977
85.8%
#41: Servicing
Hubble, 1993
83.6%
#46: Volcano on
Io, 1979
83%
#48: Ice on Europa, 1998
82.3%
% Correct
#29: First Space Shuttle
Launch, 1981
81.5%
#12: Mercury
Astronauts
81.2%
#40: International Space
Station, 2008
80.9%
#10: Saturn V Launch, 1969
80.8%
#32: First TV Image
of Earth From
Orbit, 1960
74.8%
#15: President Nixon Visits Apollo 11 Crew, 1969
70.7%
#27: Saturn 1 Launch, 1965
70.5%
#31: Echo 2 Satellite, 1964
66.4%
#33: Apollo-Soyuz, 1975
64.5%
#22: Apollo 1 Fire, 1967
57%

You're not logged in!

Compare scores with friends on all Sporcle quizzes.
Sign Up with Email
OR
Log In

You Might Also Like...

Show Comments

Extras

Top Quizzes Today


Score Distribution

Your Account Isn't Verified!

In order to create a playlist on Sporcle, you need to verify the email address you used during registration. Go to your Sporcle Settings to finish the process.